[Event "Casma U2100 2nd"]
[Site "Casma"]
[Date "2017.02.05"]
[Round "6.5"]
[White "Gomez Huaraya, Jesus Miguel"]
[Black "Grados, Luis"]
[Result "0-1"]
[WhiteElo "1974"]
[BlackElo "2098"]
[PlyCount "124"]
[EventDate "2017.02.03"]
[EventType "swiss"]
[EventRounds "7"]
[EventCountry "PER"]
[SourceTitle "EXT 2024"]
[Source "ChessBase"]
[SourceDate "2023.10.10"]
[SourceVersion "1"]
[SourceVersionDate "2023.10.10"]
[SourceQuality "1"]

1. d4 Nf6 2. c4 g6 3. Nc3 Bg7 4. e4 d6 5. f3 c6 6. Be3 a6 7. Qd2 b5 8. 0-0-0 Qa5 9. Kb1 Nbd7 10. h4 b4 11. Nce2 c5 12. h5 Nxh5 13. g4 Nhf6 14. g5 Nh5 15. Bh3 cxd4 16. Bxd7+ Bxd7 17. Bxd4 Bxd4 18. Nxd4 Qc5 19. Nge2 a5 20. Rc1 Qe5 21. Qe3 Qc5 22. Qd2 Qe5 23. Rhg1 0-0 24. Qe3 Qc5 25. Qd2 Qe5 26. Qe3 Qc5 27. Qd3 a4 28. f4 e5 29. Nb5 Ra6 30. f5 Rb6 31. Rh1 d5 32. Qxd5 Qxd5 33. exd5 Bxf5+ 34. Ka1 Bd3 35. Rh2 Bxc4 36. Rxc4 Rxb5 37. b3 axb3 38. axb3 Rd8 39. Kb2 Rbxd5 40. Nc1 Rd4 41. Re2 Rd2+ 42. Rc2 Rxe2 43. Rxe2 Rd5 44. Re4 Rb5 45. Nd3 f5 46. Rxe5 Rxe5 47. Nxe5 Nf4 48. Kc2 Kg7 49. Kd2 h6 50. gxh6+ Kxh6 51. Ke3 g5 52. Nc6 Ne6 53. Nxb4 f4+ 54. Kf3 Kh5 55. Nd3 g4+ 56. Kg2 Kh4 57. Ne5 Nd4 58. b4 f3+ 59. Kf1 Kg3 60. Nd3 Kh4 61. Ne5 g3 62. Nd3 Kh3 0-1

[Event "Casma U2100 2nd"]
[Site "Casma"]
[Date "2017.02.04"]
[Round "4.3"]
[White "Grados, Luis"]
[Black "Puppi Lazo, Stephanie Beatriz"]
[Result "0-1"]
[WhiteElo "2098"]
[BlackElo "1706"]
[PlyCount "68"]
[EventDate "2017.02.03"]
[EventType "swiss"]
[EventRounds "7"]
[EventCountry "PER"]
[SourceTitle "EXT 2024"]
[Source "ChessBase"]
[SourceDate "2023.10.10"]
[SourceVersion "1"]
[SourceVersionDate "2023.10.10"]
[SourceQuality "1"]

1. Nf3 Nf6 2. g3 e6 3. Bg2 d5 4. 0-0 Be7 5. d4 0-0 6. c4 c5 7. cxd5 exd5 8. Nc3 b6 9. Qb3 Bb7 10. dxc5 Bxc5 11. Bg5 d4 12. Rad1 Nc6 13. e3 h6 14. exd4 Be7 15. Bf4 Na5 16. Qb5 Nd5 17. Nxd5 Bxd5 18. Ne5 Bxg2 19. Kxg2 Rc8 20. d5 g5 21. Be3 Qd6 22. Nf3 Rfd8 23. Rfe1 Nc4 24. Bd4 Bf6 25. b3 Na3 26. Qa4 g4 27. Nh4 Qxd5+ 28. Kg1 Bxd4 29. Qxa3 Rc2 30. Re3 Qg5 31. Qb4 a5 32. Qe1 Bxe3 33. Rxd8+ Qxd8 34. Qxe3 Qf6 0-1

[Event "Casma U2100 2nd"]
[Site "Casma"]
[Date "2017.02.03"]
[Round "2.1"]
[White "Bocanegra Acosta, Erick"]
[Black "Grados, Luis"]
[Result "1/2-1/2"]
[WhiteElo "1810"]
[BlackElo "2098"]
[PlyCount "70"]
[EventDate "2017.02.03"]
[EventType "swiss"]
[EventRounds "7"]
[EventCountry "PER"]
[SourceTitle "EXT 2024"]
[Source "ChessBase"]
[SourceDate "2023.10.10"]
[SourceVersion "1"]
[SourceVersionDate "2023.10.10"]
[SourceQuality "1"]

1. e4 d6 2. d4 Nf6 3. Nc3 g6 4. h3 Bg7 5. Nf3 0-0 6. Be3 c6 7. a4 Qa5 8. Nd2 Nbd7 9. Bc4 Nxe4 10. Bxf7+ Rxf7 11. Ndxe4 Nb6 12. 0-0 h6 13. Qd3 Qa6 14. Qxa6 bxa6 15. b3 Bf5 16. Rac1 Rc8 17. Ng3 Bd7 18. Nce2 Nd5 19. c4 Nb4 20. Rfd1 Rb8 21. Rd2 Kh7 22. Nf4 Rb7 23. Kf1 Rf8 24. Nd3 Rfb8 25. Ne1 a5 26. d5 c5 27. Re2 Bf8 28. Nf3 Nd3 29. Rd1 Rxb3 30. Bd2 Bxa4 31. Bxa5 Ra3 32. Rdd2 Ra1+ 33. Ne1 Nf4 34. Re4 g5 35. Nf5 Bd7 1/2-1/2

[Event "Piura op 10th"]
[Site "Piura"]
[Date "2016.10.16"]
[Round "7"]
[White "Grados, Luis"]
[Black "Terry, Renato"]
[Result "0-1"]
[WhiteElo "2164"]
[BlackElo "2442"]
[PlyCount "50"]
[EventDate "2016.10.14"]
[EventType "swiss"]
[EventRounds "7"]
[EventCountry "PER"]
[SourceTitle "EXT 2018"]
[Source "ChessBase"]
[SourceDate "2017.10.13"]
[SourceVersion "1"]
[SourceVersionDate "2017.10.13"]
[SourceQuality "1"]

1. e4 e6 2. d4 d5 3. exd5 exd5 4. Nf3 Bd6 5. c4 Nf6 6. c5 Be7 7. h3 b6 8. cxb6 axb6 9. Bd3 0-0 10. 0-0 c5 11. b3 Nc6 12. Bb5 Nb4 13. Nc3 Ne4 14. Bb2 Nxc3 15. Bxc3 Nxa2 16. Qd2 Nxc3 17. Qxc3 Rxa1 18. Rxa1 Be6 19. Rd1 h6 20. Ne5 Qc7 21. Nd3 Rc8 22. Ra1 c4 23. bxc4 dxc4 24. Rc1 Qb8 25. Ne5 Bd6 0-1

[Event "Piura op 10th"]
[Site "Piura"]
[Date "2016.10.14"]
[Round "2"]
[White "Grados, Luis"]
[Black "Estrada Zeta, Erick"]
[Result "0-1"]
[WhiteElo "2164"]
[BlackElo "1764"]
[PlyCount "96"]
[EventDate "2016.10.14"]
[EventType "swiss"]
[EventRounds "7"]
[EventCountry "PER"]
[SourceTitle "EXT 2018"]
[Source "ChessBase"]
[SourceDate "2017.10.13"]
[SourceVersion "1"]
[SourceVersionDate "2017.10.13"]
[SourceQuality "1"]

1. e4 c5 2. c3 d5 3. exd5 Qxd5 4. d4 cxd4 5. cxd4 Nc6 6. Nf3 e6 7. Nc3 Bb4 8. Bd3 Nge7 9. 0-0 Bxc3 10. bxc3 0-0 11. Re1 Ng6 12. Rb1 a6 13. a4 Qh5 14. Qc2 Rd8 15. Ng5 e5 16. Be2 Bg4 17. f3 Nf4 18. Bxf4 exf4 19. fxg4 Qxg5 20. Rxb7 Re8 21. Reb1 Rac8 22. Qd2 Rcd8 23. g3 Re3 24. Rf1 fxg3 25. Rf5 Qh4 26. h3 Rde8 27. Rbxf7 Qxh3 28. Bc4 Re1+ 29. Rf1 Rxf1+ 30. Rxf1+ Kh8 31. Bxa6 Ne7 32. Qe2 Rb8 33. Bb7 Ng6 34. a5 Qh2+ 35. Qxh2 gxh2+ 36. Kxh2 Rxb7 37. Ra1 Kg8 38. a6 Ra7 39. Kg3 Kf7 40. Kf3 Ke6 41. Ke4 Ne7 42. c4 Kd6 43. Ra4 Ng8 44. g5 Re7+ 45. Kd3 Ra7 46. Ke4 Ne7 47. d5 Kc5 48. Kd3 Nc8 0-1

[Event "Trujillo Interclubes"]
[Site "Trujillo"]
[Date "2016.07.09"]
[Round "2"]
[White "Grados, Luis"]
[Black "Nunez Marquina, Nataly Massiel"]
[Result "1/2-1/2"]
[WhiteElo "2184"]
[BlackElo "1980"]
[PlyCount "135"]
[EventDate "2016.07.09"]
[EventType "team-swiss"]
[EventRounds "6"]
[EventCountry "PER"]
[SourceTitle "EXT 2018"]
[Source "ChessBase"]
[SourceDate "2017.10.13"]
[SourceVersion "1"]
[SourceVersionDate "2017.10.13"]
[SourceQuality "1"]

1. Nf3 Nf6 2. c4 e6 3. g3 d5 4. Bg2 Nbd7 5. 0-0 Bd6 6. d4 0-0 7. Qc2 c6 8. Nbd2 Re8 9. e4 Nxe4 10. Nxe4 dxe4 11. Qxe4 e5 12. Rd1 exd4 13. Qxd4 Bc5 14. Qc3 Qb6 15. Bg5 Bxf2+ 16. Kh1 Nf8 17. b4 c5 18. Rab1 a6 19. bxc5 Qxc5 20. Rd5 Qa7 21. Rf1 Be6 22. Rd2 Bc5 23. h4 Rac8 24. h5 h6 25. Bf4 b5 26. Ne5 Qe7 27. Nc6 Qb7 28. cxb5 Qxb5 29. Qf3 Bc4 30. Rc1 Be6 31. Be5 f6 32. Bd4 Bxd4 33. Rxd4 Kh8 34. Rd6 Bf7 35. g4 Qg5 36. Rcd1 Be6 37. R1d4 Qh4+ 38. Kg1 Qe1+ 39. Bf1 Nh7 40. Re4 Ng5 41. Qe3 Qxe3+ 42. Rxe3 Bxg4 43. Ne7 Rcd8 44. Rxa6 Bxh5 45. Bb5 Rd1+ 46. Kf2 Red8 47. Nf5 R8d2+ 48. Be2 Rxe2+ 49. Rxe2 Bxe2 50. Kxe2 Rd8 51. a4 Ne4 52. Ra7 Nc3+ 53. Ke3 Nxa4 54. Rxa4 Rd7 55. Kf4 Kh7 56. Ra5 g6 57. Ne3 Rd4+ 58. Kf3 g5 59. Ra6 Kg6 60. Ng4 Rf4+ 61. Kg3 h5 62. Ne5+ Kf5 63. Nd7 h4+ 64. Kg2 Kg6 65. Ne5+ Kh5 66. Nd7 Kg6 67. Ne5+ Kh5 68. Nd7 1/2-1/2

[Event "Cajamarca op 3rd"]
[Site "Cajamarca"]
[Date "2011.03.27"]
[Round "5"]
[White "Aguilar Novoa, Juan"]
[Black "Grados, Luis"]
[Result "1/2-1/2"]
[WhiteElo "2337"]
[BlackElo "2174"]
[PlyCount "30"]
[EventDate "2011.03.25"]
[EventType "swiss"]
[EventRounds "6"]
[EventCountry "PER"]
[SourceTitle "EXT 2024"]
[Source "ChessBase"]
[SourceDate "2023.10.10"]
[SourceVersion "1"]
[SourceVersionDate "2023.10.10"]
[SourceQuality "1"]

1. e4 e6 2. d4 d5 3. Nc3 Nf6 4. Bg5 Bb4 5. e5 h6 6. Bd2 Bxc3 7. bxc3 Ne4 8. Qg4 Kf8 9. Bc1 c5 10. Bd3 Nc6 11. Bxe4 dxe4 12. Qxe4 cxd4 13. Ne2 dxc3 14. Ba3+ Kg8 15. 0-0 Qd5 1/2-1/2

[Event "Cajamarca op 3rd"]
[Site "Cajamarca"]
[Date "2011.03.26"]
[Round "4"]
[White "Grados, Luis"]
[Black "Chiarot, Cesar"]
[Result "1-0"]
[WhiteElo "2174"]
[BlackElo "2132"]
[PlyCount "51"]
[EventDate "2011.03.25"]
[EventType "swiss"]
[EventRounds "6"]
[EventCountry "PER"]
[SourceTitle "EXT 2024"]
[Source "ChessBase"]
[SourceDate "2023.10.10"]
[SourceVersion "1"]
[SourceVersionDate "2023.10.10"]
[SourceQuality "1"]

1. c4 c6 2. Nf3 d5 3. b3 Bg4 4. Bb2 Nd7 5. cxd5 cxd5 6. Nc3 Bxf3 7. gxf3 Ngf6 8. f4 e6 9. e3 a6 10. Rg1 b5 11. a4 b4 12. Ne2 g6 13. Nd4 Bg7 14. Rc1 0-0 15. h4 Ne4 16. h5 Qh4 17. Qf3 e5 18. Nc6 Nxd2 19. Kxd2 e4 20. Qh3 Qxf2+ 21. Be2 Bc3+ 22. Rxc3 d4 23. Ne7+ Kg7 24. Rcc1 Rfd8 25. hxg6 hxg6 26. Rg2 1-0